A grande ilusão / (Record no. 162)

MARC details
000 -LÍDER
campo de controle de tamanho fixo 01617nam a2200313 4500
001 - NÚMERO DE CONTROLE
campo de controle 162
003 - IDENTIFICADOR DO NÚMERO DE CONTROLE
campo de controle OSt
005 - DATA E HORÁRIO DA ÚLTIMA TRANSAÇÃO
campo de controle 20250528074013.0
008 - CAMPO DE DADOS FIXOS--INFORMAÇÃO GERAL
campo de controle de tamanho fixo 250129b |||||||g |||| 00| 1 eng d
020 ## - ISBN - INTERNATIONAL STANDARD BOOK NUMBER
ISBN - International Standard Book Number 9788580417234
040 ## - FONTE DA CATALOGAÇÃO
Idioma da catalogação por
041 ## - CÓDIGO DE IDIOMA
Código do idioma do original e/ou traduções intermediárias do texto eng
Código do idioma do texto/trilha sonora ou título diferente por
082 ## - CDD - CLASSIFICAÇÃO DECIMAL DE DEWEY
Número de Classificação 813
Número do exemplar C655g
100 1# - ENTRADA PRINCIPAL--NOME PESSOAL
Nome pessoal Coben, Harlan,
Datas associadas ao nome 1962-
9 (RLIN) 309
240 ## - TÍTULO UNIFORME
Título uniforme Fool me once
245 ## - TÍTULO
Título A grande ilusão /
Indicação de responsabilidade, etc. Coben, Harlan ; Tradução de Marcelo Mendes
260 ## - PUBLICAÇÃO, DISTRIBUIÇÃO, ETC.
Local de publicação, distribuição, etc. São Paulo
Nome do editor, distribuidor, etc. Arqueiro
Data da publicação, distribuição, etc. 2017
300 ## - DESCRIÇÃO FÍSICA
Extensão 301 p.
520 ## - NOTA DE RESUMO, ETC.
Resumo, etc. Maya Stern é uma ex-piloto de operações especiais que voltou recentemente da guerra. Um dia, ela vê uma imagem impensável capturada pela câmera escondida em sua casa: a filha de 2 anos brincando com Joe, seu falecido marido, brutalmente assassinado duas semanas antes.<br/>Tentando manter a sanidade, Maya começa a investigar, mas todas as descobertas só levantam mais dúvidas.<br/>Conforme os dias passam, ela percebe que não sabe mais em quem confiar, até que se vê diante da mais importante pergunta: é possível acreditar em tudo o que vemos com os próprios olhos, mesmo quando é algo que desejamos desesperadamente?<br/><br/>Para encontrar a resposta, Maya precisará lidar com os segredos profundos e as mentiras de seu passado antes de encarar a inacreditável verdade sobre seu marido – e sobre si mesma.
650 #0 - ASSUNTO--TERMO TÓPICO
Cabeçalho tópico ou nome geográfico Literatura Americana
9 (RLIN) 84
650 #0 - ASSUNTO--TERMO TÓPICO
Cabeçalho tópico ou nome geográfico Crime e Investigação
9 (RLIN) 13
650 #0 - ASSUNTO--TERMO TÓPICO
Cabeçalho tópico ou nome geográfico Mistério
9 (RLIN) 42
650 #0 - ASSUNTO--TERMO TÓPICO
Cabeçalho tópico ou nome geográfico Suspense
9 (RLIN) 10
650 #0 - ASSUNTO--TERMO TÓPICO
Cabeçalho tópico ou nome geográfico Filme
9 (RLIN) 26
655 #0 - TERMO DE ÍNDICE--GÊNERO E FORMA
Gênero/forma/ou termo foco Romance
655 #0 - TERMO DE ÍNDICE--GÊNERO E FORMA
Gênero/forma/ou termo foco Ficção
700 ## - ENTRADA ADICIONADA - NOME PESSOAL
Nome pessoal Marcelo Mendes
Função do autor por extenso Tradutor
9 (RLIN) 255
942 ## - ELEMENTOS DE ENTRADA ADICIONADOS (KOHA)
Fonte de classificação ou esquema de arquivamento Classificação decimal de Dewey
Ocultar no OPAC Não
Tipo de material Koha Livros
Holdings
Situação do descarte Situação das perdas Fonte de classificação ou esquema de arquivamento Status danificado Não pode ser emprestado Coleção Biblioteca de origem Biblioteca atual Localização na estante Data de aquisição Fonte de aquisição Total de empréstimos Número de chamada completo Código de barras Data de último acesso Data do preço efetivo Tipo de material Koha
    Classificação decimal de Dewey     Ficção Biblioteca Professor Eduardo Afonso de Castro Biblioteca Professor Eduardo Afonso de Castro Literatura Estrangeira 19.09.2018 doação   813 / C655g 2025-16056 29.01.2025 29.01.2025 Livros

Powered by Koha